00438nam a2200157Ia 4500008004100000020001800041050001400059100002300073245003800096245005400134260003200188260001100220260000900231300001500240300002500255180207s9999 xx 000 0 und d a9789715117951 bG261 2003 aGatmaitan, Luis P. aNgiii! ang kati-kati ng ulo ko! / cLuis P. Gatmaitan ; illustrations by Abigail Goy. aMetro Manila, Philippines : bHiyas, c2003 a31 pages : bcolor illustration ;